000
00326nam a2200133Ia 4500
005
20260328104318.0
008
260328s9999||||xx |||||||||||||| ||und||
100
_a
Higueras, Fernando
245
0
_a
DesDe el Origen /
_c
Fernando Higueras
260
_b
Fundación ICO
300
_a
447 p.
650
_a
FOTOGRAFÍA
942
_c
BK
999
_c
11248
_d
11248